000 00990nam a2200289 i 4500
003 DO-SdBNP
005 20260306075031.0
007 ta
008 260306b2002 dr a|||| |||| 00| 0 spa d
020 _a99934722204
040 _aDO-SdBNP
_bspa
_cBNPHU
_erda
041 _aspa
082 4 _axxx
_bR741m
_222
100 1 _aRojas Jimeno, Moisés,
_eautor
_4aut.
_989156
245 1 0 _aMedicina legal /
_cMoisés Rojas Jimeno ; prólogo, Reynaldo Alonso Rojas Jimeno.
264 4 _aSanto Domingo, República Dominicana :
_bEditora Teller C. por A.,
_c©2002.
300 _avolumen ;
_c23 cm.
336 _atexto
_btxt
_2rdacontent
337 _asin mediación
_bn
_2rdamedia
338 _avolumen
_bnc
_2rdacarrier
500 _aIncluye datos biográficos del autor en la solapa de la cubierta
504 _aBibliografía: páginas 305-310
590 _aInventariado, 2026 /LP
700 1 _aRojas Jimeno, Reynaldo Alonso,
_eprologuista
_4pr.
_989158
910 _aLP
942 _2ddc
_cLBS1
999 _c60446
_d60446